| 000 | 00736cam a2200265 a 4500 | ||
|---|---|---|---|
| 001 | 48883237 | ||
| 003 | OSt | ||
| 005 | 20150408113721.0 | ||
| 008 | 020123s2002 caua 001 0 eng c | ||
| 015 | _aGBA2-Z2240 | ||
| 020 | _a0072192801 | ||
| 035 | _a.o282050x | ||
| 040 |
_aUKM _cUKM _dTXA _dWSU |
||
| 042 | _apcc | ||
| 050 | 4 |
_aTK5105.5 _b.H538 2002 |
|
| 082 | 0 | 4 |
_a004.6 _221 |
| 100 | 1 |
_aHill, Brian. _95971 |
|
| 245 | 1 | 0 |
_aCisco _bthe complete reference / _cBrian Hill. |
| 260 |
_aBerkeley, Calif. ; _aLondon _bMcGraw-Hill/Osborne, _cc2002. |
||
| 300 |
_bill. ; _c24 cm. _aIn |
||
| 500 | _aCo | ||
| 610 |
_aCisco Systems, Inc _95972 |
||
| 650 |
_xDesign and construction.20 _aComputer networks. _95973 |
||
| 942 |
_2ddc _cBOOK |
||
| 999 |
_c543 _d235043 |
||